[Event "Paris-ch op-B"]
[Site "Paris"]
[Date "2009.07.08"]
[Round "5"]
[White "Rakotovao, Dimbiniaina"]
[Black "Amram, Roger"]
[Result "1-0"]
[WhiteElo "1499"]
[BlackElo "1770"]
[PlyCount "109"]
[EventDate "2009.07.04"]
[EventType "swiss"]
[EventRounds "9"]
[EventCountry "FRA"]
[SourceTitle "EXT 2010"]
[Source "ChessBase"]
[SourceDate "2010.11.25"]
[SourceVersion "1"]
[SourceVersionDate "2010.11.25"]
[SourceQuality "1"]

1. e4 g6 2. d4 Bg7 3. Bc4 e6 4. Ne2 d5 5. exd5 exd5 6. Bd3 Nf6 7. 0-0 0-0 8. Bg5 Nbd7 9. Qc1 c5 10. c3 cxd4 11. Nxd4 Nc5 12. Bc2 Nce4 13. Bh4 Qb6 14. f3 Nd6 15. Bf2 Qd8 16. Rd1 b5 17. a4 Bd7 18. axb5 Nxb5 19. Nxb5 Bxb5 20. Rxa7 Rxa7 21. Bxa7 Qa8 22. Bf2 Re8 23. Na3 Ba4 24. Bxa4 Qxa4 25. Rd4 Qa6 26. Qd1 Qe2 27. Qxe2 Rxe2 28. Rb4 h6 29. Nb5 Bf8 30. Rb3 Nd7 31. Bd4 Nc5 32. Bxc5 Bxc5+ 33. Nd4 Rd2 34. Kf1 Bxd4 35. cxd4 Rxd4 36. Ke2 Kg7 37. Ke3 Rd1 38. Rd3 Rb1 39. Rd2 Kf6 40. Kd4 Ke6 41. Kc5 Rc1+ 42. Kb6 Kd6 43. b4 Rc8 44. b5 Rb8+ 45. Ka6 Ra8+ 46. Kb7 Ra5 47. b6 Kd7 48. Rc2 d4 49. Rc7+ Kd8 50. Kc6 Ra4 51. Rd7+ Ke8 52. b7 Rb4 53. Rxd4 Rb2 54. Rd5 Ke7 55. Rb5 1-0